000 nam a22 4500
999 _c9334
_d9334
008 180508b ||||| |||| 00| 0 eng d
020 _a0-675-21387-8
082 _21991
_aDC 658.4012
_bD28
100 _927767
_aDavid, Fred R
245 _aCases in strategic management /
_cFred R. David.
260 _aNew York :
_bMaxwell Macmillan International,
_cc1991
300 _axv, 603 pages :
_billustrations, maps ;
_c24 cm
500 _aIncludes bibliographical references.
650 0 _927768
_aStrategic planning -- Case studies
942 _2ddc
_cDC